Basic assumptions and dilemmas of the polish educational system (Record no. 63187)

MARC details
000 -CABECERA
campo de control de longitud fija 00573nam a2200205 a 4500
005 - FECHA Y HORA DE LA ÚLTIMA TRANSACCIÓN
campo de control 20210219152906.0
008 - ELEMENTOS DE LONGITUD FIJA--INFORMACIÓN GENERAL
campo de control de longitud fija 991125n 000 0 eng u
035 ## - NÚMERO DE CONTROL DEL SISTEMA
Número de control de sistema UPN01000065887
100 ## - ASIENTO PRINCIPAL--NOMBRE PERSONAL
Nombre de persona Pszczolkowski, Tadeusz
222 ## - TÍTULO CLAVE
Título clave EDUCATIONAL MEDIA INTERNATIONAL
245 ## - MENCIÓN DE TÍTULO
Título Basic assumptions and dilemmas of the polish educational system
300 ## - DESCRIPCIÓN FÍSICA
Extensión 229-234
362 ## - FECHAS DE PUBLICACIÓN Y/O DESIGNACIÓN SECUENCIAL
Fecha de publicación y/o designación secuencial 1992 29, No. 4
505 ## - NOTA DE CONTENIDO CON FORMATO PREESTABLECIDO
Nota de contenido con formato Julio 1993
653 0# - TERMINO DE INDIZACION - NO CONTROLADO
Término no controlado CAMBIO SOCIAL
653 0# - TERMINO DE INDIZACION - NO CONTROLADO
Término no controlado DESARROLLO EDUCATIVO
653 0# - TERMINO DE INDIZACION - NO CONTROLADO
Término no controlado PRACTICAS EDUCATIVAS
904 ## - ELEMENTOS DE DATOS D LOCAL, LDD (RLIN)
a AC
b 003698
905 ## - TIPO DE MATERIAL
Tipo de material Articulo

No items available.